000 00699nam a2200289Ia 4500
005 20260324133115.0
008 008 260324s9999 xx 000 0 eng d
020 _a9781315865683
037 _aEBOOK
040 _aCRL
040 _beng
040 _cCRL
041 _2eng
041 _aeng
084 _qCRL
100 _aWendy Luttrell
_91191822
245 0 _aPregnant Bodies, Fertile Minds
245 0 _bGender, Race, and the Schooling of Pregnant Teens
260 _bTaylor and Francis
260 _c2003
365 _a
365 _b290
856 _uhttp://www.taylorfrancis.com/books/9781315865683
942 _cEBOOK
999 _c1790569
_d1790569